Una vez más acerca de la naturaleza del fascismo en América Latina /
Uloženo v:
| Hlavní autor: | |
|---|---|
| Médium: | Text |
| Tagy: |
Přidat tag
Žádné tagy, Buďte první, kdo vytvoří štítek k tomuto záznamu!
|
MARC
| LEADER | 00000 a a2200000 04500 | ||
|---|---|---|---|
| 001 | 16391 | ||
| 003 | |||
| 040 | |||
| 100 | |a Romero, Fernando | ||
| 245 | |a Una vez más acerca de la naturaleza del fascismo en América Latina / |c Fernando Romero | ||
| 773 | |g número 1; páginas 68-71 | ||
| 999 | |c 39518 |d 39518 | ||
